Szczegóły MARC21

Das Erdbeben in Chili /

003 -Nazwa inst., której nr kontr. jest w polu 001 [,]
    • @
    • Nazwa instytucji, której n kontrolny jest w polu 001
    • NUKAT
005 -DATA I CZAS OSTATNIEJ MODYFIKACJI [,]
    • @
    • pole kontrolne
    • 20241231104131.0
020 -Międzynarod. znormalizowany nr książki - ISBN [ , ]
    • a
    • Numer ISBN
    • 3872911643 Find
040 -Instytucja sporządzająca opis [ , ]
    • a
    • Instytucja, która sporządziła opis (NP)
    • SZCZ U/MC
    • b
    • Język katalogowania
    • pol
    • e
    • Zasady katalogowania
    • rda
    • c
    • Instytucja, która sporządziła rekord (NP)
    • SZCZ U/MCs
942 -Rodzaj dokumentu [ , ]
    • c
    • Rodzaj dokumentu
    • Książka
100 -Hasło główne - nazwa osobowa [1, ]
    • a
    • Nazwa osobowa (NP)
    • Kleist, Heinrich von
    • d
    • Daty biograficzne (NP)
    • (1777-1811).
    • e
    • Rodzaj współpracy
    • Autor
    • 9
    • KHW
    • 47745
240 -Tytuł ujednolicony [1,0]
    • a
    • Tytuł ujednolicony
    • Erdbeben in Chili
    • l
    • Język tekstu
    • (niem.)
    • 9
    • KHW
    • 461400
245 -Strefa tytułu i oznaczenia odpowiedzialności [1,4]
    • a
    • Tytuł
    • Das Erdbeben in Chili / Find
    • c
    • Pozostałe elementy strefy tytułu i oznaczenia odpowiedzialności (NP)
    • Heinrich von Kleist; Heftbearbeitung: Elke und Uwe Lehmann.
260 -Strefa adresu wydawniczego [ , ]
    • a
    • Miejsce wydania (P)
    • Husum/Nordsee :
    • b
    • Nazwa wydawcy (P)
    • Hamburger Lesehefte Verlag,
    • c
    • Data wydania (P)
    • [1982].
300 -Strefa opisu fizycznego [ , ]
    • a
    • Określenie formy książki i/lub objętość (NP)
    • 32 strony ;
    • c
    • Format (NP)
    • 20 cm.
336 -Typ zawartości [ , ]
    • a
    • Termin opisujący typ zawartości
    • Tekst
    • b
    • Kod określający zawartość
    • txt
    • 2
    • Źródło (terminu i kodu)
    • rdacontent
337 -Typ mediów [ , ]
    • a
    • Tryb odtwarzania
    • Bez urządzenia pośredniczącego
    • b
    • Kod typu mediów
    • n
    • 2
    • Źródło (terminu i kodu)
    • rdamedia
338 -Typ/rodzaj nośnika [ , ]
    • a
    • Hasło opisujące typ nośnika
    • Wolumin
    • b
    • Kod typu nośnika
    • nc
    • 2
    • Źródło (terminu i kodu)
    • rdacarrier
380 -Deskryptor - Forma dzieła (P) [ , ]
    • a
    • forma dzieła (NP)
    • Dramat (rodzaj)
490 -Strefa serii i książki wielotomowej - forma nie do wyszukiwania [1, ]
    • a
    • Tytuł (P)
    • Hamburger Leseheft ; Find
    • v
    • Numeracja (P)
    • H. 165
830 -Hasło dodatkowe serii i opisu książki wielotomowej - tytuł ujednolicony/tytuł [ ,0]
    • a
    • Tytuł ujednolicony/tytuł (NP)
    • Hamburger Leseheft
    • v
    • Oznaczenie tomu (NP)
    • H. 165
    • 9
    • KHW
    • 401732
500 -Uwaga ogólna [ , ]
    • a
    • Uwaga ogólna (NP)
    • Data wydania przejęta z KOBV Berlin-Brandenburg.
500 -Uwaga ogólna [ , ]
    • a
    • Uwaga ogólna (NP)
    • Ungekürzter Text.
080 -Uniwersalna Klasyfikacja Dziesiętna [ , ]
    • a
    • Symbol klasyfikacji
    • 830-3"18"=30
655 -Hasło w funkcji tematu formalnego [ ,7]
    • a
    • Hasło
    • Nowele niemieckie
    • y
    • Określnik chronologiczny
    • 18 w.
    • 2
    • Źródło terminu
    • kaba
    • 9
    • KHW
    • 514401
980 -Symbol UKD [ , ]
    • a
    • UKD
    • 830-3"18"=30
700 -Hasło dodatkowe - nazwa osobowa [1, ]
    • a
    • Nazwa osobowa (NP)
    • Lehmann, Elke. Find
    • e
    • Określenie rodzaju współpracy
    • Redakcja
    • 9
    • KHW
    • 648300
700 -Hasło dodatkowe - nazwa osobowa [1, ]
    • a
    • Nazwa osobowa (NP)
    • Lehmann, Uwe. Find
    • e
    • Określenie rodzaju współpracy
    • Redakcja
    • 9
    • KHW
    • 414982
710 -Hasło dodatkowe - nazwa ciała zbiorowego [2, ]
    • a
    • Nazwa ciała zbiorowego lub nazwa geograficzna jako pierwszy element (NP)
    • Husum Druck- und Verlagsgesellschaft.
    • e
    • Rodzaj współpracy
    • Wydawca
    • 4
    • Kod relacji
    • pbl
    • 9
    • KHW
    • 401902
920 -ISBN [ , ]
    • a
    • ISBN
    • 3-87291-164-3 Find
Numer inwentarzowy Status udost. Sygnatura Lokalizacja Data inwentaryzacji
G.10695-3 BM1995-12-05
G.10696-3 BM1995-12-05
G.10697-3Germ. Opowiadania niemieckieBM1995-12-05
G.10698-3Germ. Opowiadania niemieckieBM1995-12-05
G.10699-3Germ. Opowiadania niemieckieBM1995-12-05
G.10700-3Germ. Opowiadania niemieckieBM1995-12-05
G.10701-3Germ. Opowiadania niemieckieBM1995-12-05
G.10702-3Germ. Opowiadania niemieckieBM1995-12-05
G.10703-3Germ. Opowiadania niemieckieBM1995-12-05
G.10704-3Germ. Opowiadania niemieckieBM1995-12-05
G.1157-3 BM